00366pab a2200133 454500008004000000100001900040245006700059260000900126300001300135362001100148650001900159650002000178773003400198180718b2017 xxu||||| |||| 00| 0 eng d aSingh, Bhupal  aVulnerability of emerging market economies to exogenous shocks c2017 ap.61-76. a25 Mar aMarket economy aMonetary policy aEconomic and Political Weekly